000
00317 a2200157 4500
001
179651
020
_a
040
_c
Magnum
100
_a
Veiga, J.j.
240
1
0
_a
Taja e sua gente
_l
por
245
1
0
_a
Taja e sua gente
362
0
_a
1899
440
1
_a
Salamandra
697
_a
MAGNITO: IJ/GERAL
942
_c
BK
999
_c
179651
_d
179651